Состав и структура техногенных образований в снеговом покрове территории томской "ГРЭС-2"; Проблемы геологии и освоения недр; Т. 3

Podrobná bibliografie
Parent link:Проблемы геологии и освоения недр: труды X Международного симпозиума имени академика М. А. Усова студентов и молодых ученых, посвященного 100-летию первого выпуска сибирских инженеров и 110-летию основания ТПУ; г. Томск, 3-8 апреля 2006 г./ Томский политехнический университет (ТПУ); Институт геологии и нефтегазового дела; под ред. В. А. Домаренко.— , 2007
Т. 3.— 2007.— С. 13-14
Hlavní autor: Анненков А. Ф.
Další autoři: Язиков Е. Г. Егор Григорьевич (научный руководитель), Таловская А. В. Анна Валерьевна
Jazyk:ruština
Vydáno: 2007
Témata:
Médium: MixedMaterials Kapitola
KOHA link:https://koha.lib.tpu.ru/cgi-bin/koha/opac-detail.pl?biblionumber=127475

MARC

LEADER 00000naa2a2200000 4500
001 127475
005 20240402064743.0
035 |a (RuTPU)RU\TPU\book\137907 
090 |a 127475 
100 |a 20071217d2007 k y0rusy50 ca 
101 0 |a rus 
102 |a RU 
200 1 |a Состав и структура техногенных образований в снеговом покрове территории томской "ГРЭС-2"  |f А. Ф. Анненков  |g науч. рук. Е. Г. Язиков, А. В. Таловская 
320 |a Библиогр.: 3 назв. 
461 0 |0 (RuTPU)RU\TPU\book\132777  |t Проблемы геологии и освоения недр  |o труды X Международного симпозиума имени академика М. А. Усова студентов и молодых ученых, посвященного 100-летию первого выпуска сибирских инженеров и 110-летию основания ТПУ; г. Томск, 3-8 апреля 2006 г.  |f Томский политехнический университет (ТПУ); Институт геологии и нефтегазового дела; под ред. В. А. Домаренко  |d 2007 
463 0 |0 (RuTPU)RU\TPU\book\93778  |t Т. 3  |v С. 13-14  |d 2007  |p 244 с. 
610 1 |a снег 
610 1 |a снеговой покров 
610 1 |a техногенные загрязнения 
610 1 |a Томск 
610 1 |a города 
610 1 |a ГРЭС-2 
610 1 |a выбросы 
610 1 |a атмосферные выпадения 
610 1 |a твёрдофазные выпадения 
610 1 |a геохимические характеристики 
610 1 |a труды учёных ТПУ 
700 1 |a Анненков  |b А. Ф. 
702 1 |a Язиков  |b Е. Г.  |c специалист в области урановой геологии, радиоэкологии, геоэкологии, экогеохимии  |c профессор Томского политехнического университета, доктор геолого-минералогических наук, заместитель проректора по образовательной и международной деятельности  |f 1955-  |g Егор Григорьевич  |4 727 
702 1 |a Таловская  |b А. В.  |c геохимик  |c профессор Томского политехнического университета, доктор геолого-минералогических наук  |f 1983-  |g Анна Валерьевна  |x TPU  |y Томск  |3 (RuTPU)RU\TPU\pers\26173  |4 727  |9 11982 
801 1 |a RU  |b 63413507  |c 20071217  |g PSBO 
801 2 |a RU  |b 63413507  |c 20130111  |g RCR 
942 |c BK